Olivia Rodrigo - Paroles stranger - Statistiques

Statistiques générales
  • Ce quiz a été pris 124 fois
  • Le résultat moyen est 336 sur 398
Statistiques - réponses
Hint Réponse % Correct
a
100%
Couplet 1 | Refrain I
100%
and
95%
And
95%
feel
93%
mornin'
93%
Oh,
93%
ooh,
93%
ooh
93%
this
93%
up
93%
woke
93%
you
93%
you,
93%
You
93%
so
91%
the
91%
The
91%
all
89%
bed
89%
ever
89%
in
89%
my
89%
stranger
89%
that
89%
complete
87%
feeling
87%
had
87%
me
87%
myself
87%
of
87%
to
87%
was
87%
about
85%
about,
85%
But
85%
but
85%
everything
85%
just
85%
know
85%
left
85%
no
85%
now
85%
straight
85%
time
85%
without
85%
your
85%
You're
85%
you're
85%
can't
84%
for
84%
half
84%
I'm
84%
it
84%
love
84%
sat
84%
thing
84%
cried
82%
cried,
82%
go
82%
million
82%
nice,
82%
nice
82%
day
80%
did
80%
do
80%
even
80%
far
80%
felt
80%
happen
80%
happen?
80%
hope
80%
life
80%
mad,
80%
made
80%
Couplet 2 Made
80%
not
80%
over
80%
rivers
80%
that's
80%
what
80%
anymore,
78%
best
78%
Refrain 'Cause
78%
chest
78%
coffee
78%
doesn't
78%
matter
78%
out
78%
really
78%
remember
78%
sleep
78%
some
78%
always
76%
am
76%
are
76%
guy
76%
lose
76%
nothin'
76%
since
76%
strangest
76%
Bridge There's
76%
babe,
75%
because
75%
cup
75%
end
75%
feels
75%
happy,
75%
stay,
75%
though
75%
would
75%
girl
73%
if
73%
I'll
73%
keep
73%
stuff
73%
told
73%
whole
73%
enough
71%
lie
71%
Refrain Yeah,
71%
everybody
69%
mean,
69%
screamed,
69%
think
69%
'til
69%
imagine
67%
poured
67%
sing
67%
things
67%
weight
67%
doing
65%
God
65%
knows
65%
loved
65%
thought
64%
hopeful
62%
How
62%
pot
62%
get
60%
hadn't
60%
off
60%
battles,
58%
burn
58%
fire
58%
fought
58%
comforting
56%
Like,
56%
believed
51%
win
49%
clouds
47%
storm
42%
try
42%
subside
22%
Aucun quiz correspondant
Distribution des résultats
% des personnes avec chaque résultat
Percentile par nombre de réponses
Votre historique - résultats
Vous n’avez pas pris ce quiz